• 首页
  • 本馆介绍
  • 公告通知
  • 最新文献
  • 馆藏检索
  • 电子资源
  • 读者导购
  • 参考咨询
  • 我的图书馆
  • 登录
  • 详细信息显示
  • 放入我的书架
  • 预约/预借图书
  • 作者相关作品
  • 分类相关作品
  • 丛书相关作品
  • 出版社相关作品

书目信息

  • 表格格式
  • 工作单格式
  • 卡片格式
题名:
自然辩证法概论
    
 
作者: ;江苏高教局《自然辩证法概论》编写组
分册:  
出版信息: 南京   江苏人民出版社  1982
页数: 347页
开本: 20cm
丛书名:
单 册:
中图分类: N031
科图分类:
主题词: 自然科学--科学方法论
电子资源:
ISBN:
000 00679nam0 2200193 45
001 0312221749
005 20060718172934.92
010    @dCNY0.96
091    @a2100.012
100    @a20031222d1982 km y0chiy0120 ea
101    @achi
200 1  @a自然辩证法概论@AZi Ran Bian Zheng Fa Gai Lun@f江苏高教局《自然辩证法概论》编写组编@FJiang Su Gao Jiao Ju《Zi Ran Bian Zheng Fa Gai Lun》Bian Xie Zu Bian
210    @a南京@c江苏人民出版社@d1982
215    @a347页@d20cm
606 0  @a自然科学@x科学方法论
690    @aN031@v3
711 02 @a江苏高教局《自然辩证法概论》编写组@AJiang Su Gao Jiao Ju《Zi Ran Bian Zheng Fa Gai Lun》Bian Xie Zu
801    @aCN@bTSTCL@c20060718
905    @dN031@e17
    
    自然辩证法概论/江苏高教局《自然辩证法概论》编写组编.-南京:江苏人民出版社,1982
    347页;20cm
    
    
    ISBN :CNY0.96
    
●
相关链接 在E读中查询图书 在五车中查询图书 在当当中查询图书 在豆瓣中查询图书


正题名:自然辩证法概论     索取号:N031/17         预约/预借

序号 登录号 条形码 馆藏地/架位号 状态 备注
1 0091580   001946087   第三借阅区/ [索取号:N031/17] 在馆    
2 0091582   000565212   第二样本阅览室/ [索取号:N031/17] 在馆    
3 0255920   202278258   密集书库/ [索取号:N031/17] 在馆    
4 0255921   202278285   密集书库/ [索取号:N031/17] 在馆    
5 0255922   202278294   密集书库/ [索取号:N031/17] 在馆    
6 0255923   000563250   第三借阅区/ [索取号:N031/17] 在馆    
7 0255924   000563269   第三借阅区/ [索取号:N031/17] 在馆    
8 0437452   204374523   密集书库/ [索取号:N031/17] 在馆    
9 0437453   204374532   密集书库/ [索取号:N031/17] 在馆    
唐山师范学院图书馆 欢迎您!
大连网信软件有限公司© 版权所有